000 00966nas a2200289 4500
001 BR0801847
003 BR-BrBNA
005 20231205111816.0
007 ta
008 230509b bl.|||p| |||| 00| 00por d
040 _aBR-BrBNA
_bpor
_cBiblioteca Nacional de Agricultura
041 _a(Pt)
072 _aL40; L70
100 1 _aBessa, E.C. de A.
100 1 _aLima, W. dos S.
100 1 _aDaemon, E.
100 1 _aCury, M.C.
100 1 _aAraújo, J.L. de B.
245 1 _aDesenvolvimento biológico de Angiostrongyllus vasorum (Baillet)Kamensnky (Nematoda, Angiostrongylidae)em Subullina octona Bruguiere (Molusca, Subulinidae)em condições de laboratório
650 _aVERME
650 _aPARASITO
650 _aTAXONOMIA ANIMAL
650 _aBIOLOGIA ANIMAL
773 0 _tRevista Brasileira de Zoologia (Brazil)
_xISSN 0101-8175
_g(Mar 2000), v. 17(1) p. 29-41
_wBR0801847
909 _a202311
_bLúcia
_c55
_dLúcia Elande
942 _2AGRIS
_n0
_cANA
999 _c194563
_d194563